| 000 | 00000nam 2200000zi 4500 |
| 001 | 9.883865 |
| 003 | CaOODSP |
| 005 | 20250228110505 |
| 006 | m o d f |
| 007 | cr ||||||||||| |
| 008 | 200123t20202020oncd o f000 0 eng d |
| 020 | |a9780660338286 |
| 040 | |aCaOODSP|beng|erda|cCaOODSP |
| 043 | |an-cn--- |
| 086 | 1 |aV32-401/2020E-PDF |
| 245 | 00|aAttitudes towards Remembrance and Veterans’ Week 2019 : |bsurvey of Canadians : final report. |
| 264 | 1|a[Ottawa] : |bVeterans Affairs Canada = Anciens combattants Canada, |c2020. |
| 264 | 4|c©2020 |
| 300 | |a1 online resource (39 pages) : |bcharts (some colour) + |eexecutive summary (3 pages) |
| 336 | |atext|btxt|2rdacontent |
| 337 | |acomputer|bc|2rdamedia |
| 338 | |aonline resource|bcr|2rdacarrier |
| 500 | |a"February 2020." |
| 500 | |a"Supplier name: Phoenix Strategic Perspectives Inc." |
| 500 | |aIssued also in French under title: Sondage sur les attitudes des canadiens à l’égard de la commémoration et de la Semaine des vétérans 2019 : rapport final. |
| 500 | |a"Contract Number: 51019-191015/001/CY; Registration Number: POR 045-19." |
| 650 | 0|aRemembrance Day (Canada)|xPublic opinion. |
| 650 | 0|aVeterans|zCanada|xPublic opinion. |
| 650 | 0|aPublic opinion|zCanada. |
| 710 | 1 |aCanada. |bVeterans Affairs Canada. |
| 710 | 2 |aPhoenix Strategic Perspectives Inc. |
| 775 | 08|tSondage sur les attitudes des canadiens à l’égard de la commémoration et de la Semaine des vétérans 2019 : |w(CaOODSP)9.883866 |
| 794 | |tAttitudes towards remembrance and Veterans' Week 2020 : |w(CaOODSP)9.896167 |
| 795 | |tAttitudes towards Remembrance and Veterans’ Week 2018 : |w(CaOODSP)9.866598 |
| 856 | 40|qPDF|s2.20 MB|uhttps://publications.gc.ca/collections/collection_2020/acc-vac/V32-401-2020-eng.pdf|zReport |
| 856 | 40|qPDF|s197 KB|uhttps://publications.gc.ca/collections/collection_2020/acc-vac/V32-401-2020-1-eng.pdf|zExecutive summary |